00514 a2200193 4500260002800000300001300028245005200041650002100093650002300114650001300137650001700150260001100167300003800178260000900216130000700225440004300232100002700275020001800302 bOxford University Press ax-213 p. aFrom individual behaviour to population ecology aEcologie animale aPopulation animale aZoologie aComportement aOxford bcouv. ill. en coul., ill.; 24 cm. c1996 lEN aOxford Series in Ecologu and Evolution aSUTHERLAND, William J. a0-19-854910-5